Knižná žatva 1979 Najvýznamnejšie podujatia Mesiaca knihy

Bibliographic Details
Main Author: Gallo, I. (Author)
Format: Article
Language:Slovak
Subjects:

MARC

LEADER 00000nab a2200000 a 4500
001 vtls000025597
003 SK-MaSNL
005 20260303031122.0
008 111103c1979 xo 0 slo
015 |a SNBRB19rr/mm-uuuuu 
035 |a CL0035691 
040 |a SNKBUCL  |b slo  |c SNKBUCL  |e AACR2 
041 0 |a slo 
044 |a xo  |c SK 
080 |a 82:08:885.4  |2 1981 
080 |a 08  |2 1981 
080 |a 885.4  |2 1981 
100 1 |a Gallo, I.  |4 aut  |9 921816 
245 1 0 |a Knižná žatva 1979  |b Najvýznamnejšie podujatia Mesiaca knihy  |c I. Gallo 
650 0 7 |a vydavateľstvá slovenské  |2 snkbucl  |9 922208 
650 0 7 |a knižná kultúra  |2 snkbucl  |9 31235 
650 0 7 |a Mesiac knihy  |d (1979)  |2 snkbucl  |9 487218 
655 7 |a články z novín a časopisov  |2 snkbucl  |9 267496 
655 7 |a články z odboru literárna veda a krásna literatúra  |2 snkbucl  |9 770045 
773 0 |t Ľud  |g Roč. 32, č. 58 (9. 3. 1979), s. 5 
850 |a Slovenská národná knižnica v Martine  |a MTA001 
852 |a SNK  |b KIS3GCP 
958 |a RK 
958 |a LX 
992 |a RBX 
999 |c 1656021  |d 1657951